Birthdays to Astrology Signs - Statistics

General Stats
  • This quiz has been taken 94 times
  • The average score is 12 of 15
Answer Stats
Hint Answer % Correct
February 2 Aquarius
100%
February 13 Aquarius
100%
February 5 Aquarius
100%
February 14 Aquarius
100%
January 22 Aquarius
100%
January 20 Aquarius
100%
January 21 Aquarius
100%
January 27 Aquarius
100%
January 25 Aquarius
100%
February 4 Aquarius
100%
February 6 Aquarius
100%
February 8 Aquarius
100%
February 10 Aquarius
100%
February 12 Aquarius
100%
February 15 Aquarius
100%
February 17 Aquarius
100%
April 9 Aries
100%
April 2 Aries
100%
April 3 Aries
100%
April 4 Aries
100%
April 5 Aries
100%
April 11 Aries
100%
April 13 Aries
100%
April 14 Aries
100%
April 15 Aries
100%
April 19 Aries
100%
March 24 Aries
100%
March 25 Aries
100%
March 27 Aries
100%
March 29 Aries
100%
June 29 Cancer
100%
July 14 Cancer
100%
June 22 Cancer
100%
June 23 Cancer
100%
June 25 Cancer
100%
June 28 Cancer
100%
June 30 Cancer
100%
July 1 Cancer
100%
July 2 Cancer
100%
July 3 Cancer
100%
July 5 Cancer
100%
July 7 Cancer
100%
July 8 Cancer
100%
July 9 Cancer
100%
July 10 Cancer
100%
July 11 Cancer
100%
July 12 Cancer
100%
July 17 Cancer
100%
July 19 Cancer
100%
July 22 Cancer
100%
January 1 Capricorn
100%
January 3 Capricorn
100%
January 4 Capricorn
100%
January 2 Capricorn
100%
December 25 Capricorn
100%
December 24 Capricorn
100%
January 10 Capricorn
100%
January 12 Capricorn
100%
January 13 Capricorn
100%
January 14 Capricorn
100%
December 22 Capricorn
100%
December 28 Capricorn
100%
December 29 Capricorn
100%
December 30 Capricorn
100%
December 31 Capricorn
100%
May 24 Gemini
100%
May 23 Gemini
100%
May 21 Gemini
100%
June 13 Gemini
100%
June 3 Gemini
100%
June 4 Gemini
100%
June 7 Gemini
100%
June 8 Gemini
100%
June 11 Gemini
100%
June 14 Gemini
100%
June 20 Gemini
100%
May 25 Gemini
100%
May 26 Gemini
100%
May 28 Gemini
100%
May 29 Gemini
100%
May 30 Gemini
100%
May 31 Gemini
100%
July 25 Leo
100%
August 3 Leo
100%
August 19 Leo
100%
August 9 Leo
100%
July 24 Leo
100%
July 27 Leo
100%
July 28 Leo
100%
July 31 Leo
100%
August 2 Leo
100%
August 5 Leo
100%
August 10 Leo
100%
August 14 Leo
100%
August 15 Leo
100%
August 18 Leo
100%
August 20 Leo
100%
August 21 Leo
100%
October 19 Libra
100%
October 7 Libra
100%
September 26 Libra
100%
September 28 Libra
100%
October 2 Libra
100%
October 4 Libra
100%
October 9 Libra
100%
October 14 Libra
100%
October 17 Libra
100%
October 18 Libra
100%
October 20 Libra
100%
October 22 Libra
100%
March 18 Pisces
100%
February 27 Pisces
100%
February 26 Pisces
100%
February 25 Pisces
100%
February 22 Pisces
100%
February 21 Pisces
100%
February 20 Pisces
100%
March 1 Pisces
100%
March 2 Pisces
100%
March 3 Pisces
100%
March 7 Pisces
100%
March 8 Pisces
100%
March 10 Pisces
100%
March 14 Pisces
100%
March 17 Pisces
100%
December 10 Sagittarius
100%
November 25 Sagittarius
100%
December 1 Sagittarius
100%
December 2 Sagittarius
100%
December 3 Sagittarius
100%
December 4 Sagittarius
100%
December 5 Sagittarius
100%
December 7 Sagittarius
100%
December 8 Sagittarius
100%
December 12 Sagittarius
100%
December 15 Sagittarius
100%
December 17 Sagittarius
100%
December 18 Sagittarius
100%
December 20 Sagittarius
100%
November 24 Sagittarius
100%
November 4 Scorpio
100%
October 31 Scorpio
100%
October 30 Scorpio
100%
November 3 Scorpio
100%
October 24 Scorpio
100%
October 25 Scorpio
100%
October 28 Scorpio
100%
October 29 Scorpio
100%
November 2 Scorpio
100%
November 5 Scorpio
100%
November 7 Scorpio
100%
November 9 Scorpio
100%
November 10 Scorpio
100%
November 11 Scorpio
100%
November 12 Scorpio
100%
November 13 Scorpio
100%
November 14 Scorpio
100%
November 16 Scorpio
100%
November 17 Scorpio
100%
May 5 Taurus
100%
May 18 Taurus
100%
April 20 Taurus
100%
April 22 Taurus
100%
April 23 Taurus
100%
April 25 Taurus
100%
April 26 Taurus
100%
April 28 Taurus
100%
May 1 Taurus
100%
May 6 Taurus
100%
May 4 Taurus
100%
May 9 Taurus
100%
May 12 Taurus
100%
May 13 Taurus
100%
May 20 Taurus
100%
September 16 Virgo
100%
September 1 Virgo
100%
September 2 Virgo
100%
September 3 Virgo
100%
September 4 Virgo
100%
September 5 Virgo
100%
September 6 Virgo
100%
September 7 Virgo
100%
September 9 Virgo
100%
September 11 Virgo
100%
September 13 Virgo
100%
September 17 Virgo
100%
September 18 Virgo
100%
September 20 Virgo
100%
September 21 Virgo
100%
September 22 Virgo
100%
August 27 Virgo
100%
August 24 Virgo
100%
August 26 Virgo
100%
August 30 Virgo
100%
August 31 Virgo
100%
January 26 Aquarius
83%
January 17 Capricorn
83%
August 6 Leo
83%
January 24 Aquarius
80%
March 23 Aries
80%
July 6 Cancer
80%
January 5 Capricorn
80%
January 11 Capricorn
80%
August 11 Leo
80%
October 11 Libra
80%
October 16 Libra
80%
March 15 Pisces
80%
October 23 Scorpio
80%
May 8 Taurus
80%
September 15 Virgo
80%
March 30 Aries
75%
July 18 Cancer
75%
July 20 Cancer
75%
December 23 Capricorn
75%
December 27 Capricorn
75%
June 12 Gemini
75%
July 23 Leo
75%
September 24 Libra
75%
October 8 Libra
75%
October 13 Libra
75%
December 19 Sagittarius
75%
December 11 Sagittarius
75%
November 28 Sagittarius
75%
August 23 Virgo
75%
January 19 Aquarius
67%
January 28 Aquarius
67%
January 31 Aquarius
67%
February 7 Aquarius
67%
February 11 Aquarius
67%
April 17 Aries
67%
April 1 Aries
67%
April 7 Aries
67%
July 15 Cancer
67%
July 16 Cancer
67%
January 15 Capricorn
67%
December 26 Capricorn
67%
June 5 Gemini
67%
June 6 Gemini
67%
May 27 Gemini
67%
July 26 Leo
67%
September 23 Libra
67%
October 1 Libra
67%
October 21 Libra
67%
March 11 Pisces
67%
December 9 Sagittarius
67%
December 16 Sagittarius
67%
November 23 Sagittarius
67%
November 19 Scorpio
67%
November 6 Scorpio
67%
November 15 Scorpio
67%
April 24 Taurus
67%
May 15 Taurus
67%
April 6 Aries
60%
June 18 Gemini
60%
October 3 Libra
60%
October 6 Libra
60%
March 9 Pisces
60%
August 25 Virgo
60%
February 3 Aquarius
50%
February 9 Aquarius
50%
July 4 Cancer
50%
June 26 Cancer
50%
July 21 Cancer
50%
January 18 Capricorn
50%
January 7 Capricorn
50%
January 8 Capricorn
50%
January 9 Capricorn
50%
June 1 Gemini
50%
June 10 Gemini
50%
June 15 Gemini
50%
June 19 Gemini
50%
June 21 Gemini
50%
August 4 Leo
50%
August 7 Leo
50%
October 15 Libra
50%
October 10 Libra
50%
March 4 Pisces
50%
March 16 Pisces
50%
December 13 Sagittarius
50%
November 22 Sagittarius
50%
November 27 Sagittarius
50%
November 29 Sagittarius
50%
November 30 Sagittarius
50%
November 18 Scorpio
50%
November 1 Scorpio
50%
November 8 Scorpio
50%
November 20 Scorpio
50%
May 19 Taurus
50%
May 7 Taurus
50%
April 29 Taurus
50%
May 3 Taurus
50%
May 10 Taurus
50%
May 11 Taurus
50%
May 17 Taurus
50%
September 19 Virgo
50%
August 29 Virgo
50%
December 6 Sagittarius
40%
April 18 Aries
33%
March 22 Aries
33%
January 6 Capricorn
33%
May 22 Gemini
33%
August 22 Leo
33%
August 16 Leo
33%
March 19 Pisces
33%
February 28 Pisces
25%
January 23 Aquairus
0%
February 1 Aquarius
0%
January 29 Aquarius
0%
January 30 Aquarius
0%
February 16 Aquarius
0%
February 18 Aquarius
0%
April 8 Aries
0%
April 12 Aries
0%
March 26 Aries
0%
April 10 Aries
0%
April 16 Aries
0%
March 21 Aries
0%
March 28 Aries
0%
March 31 Aries
0%
June 24 Cancer
0%
June 27 Cancer
0%
July 13 Cancer
0%
January 16 Capricorn
0%
June 2 Gemini
0%
June 9 Gemini
0%
June 16 Gemini
0%
June 17 Gemini
0%
July 29 Leo
0%
July 30 Leo
0%
August 1 Leo
0%
August 8 Leo
0%
August 12 Leo
0%
August 13 Leo
0%
August 17 Leo
0%
September 29 Libra
0%
September 25 Libra
0%
September 27 Libra
0%
September 30 Libra
0%
October 5 Libra
0%
October 12 Libra
0%
March 13 Pisces
0%
March 6 Pisces
0%
February 29 Pisces
0%
February 24 Pisces
0%
February 23 Pisces
0%
February 19 Pisces
0%
March 5 Pisces
0%
March 12 Pisces
0%
March 20 Pisces
0%
December 14 Sagittarius
0%
December 21 Sagittarius
0%
November 26 Sagittarius
0%
October 26 Scorpio
0%
October 27 Scorpio
0%
November 21 Scorpio
0%
April 21 Taurus
0%
April 27 Taurus
0%
April 30 Taurus
0%
May 2 Taurus
0%
May 14 Taurus
0%
May 16 Taurus
0%
September 8 Virgo
0%
September 10 Virgo
0%
September 12 Virgo
0%
September 14 Virgo
0%
August 28 Virgo
0%
No matching quizzes found
Score Distribution
Percent of People with Each Score
Percentile by Number Answered
Your Score History
You have not taken this quiz